An ethnographic study of a form three class and a glimpse into their peer culture /
Saved in:
| Main Author: | |
|---|---|
| Format: | Thesis Book |
| Language: | English |
| Published: |
1985
|
| Subjects: | |
| Tags: |
Add Tag
No Tags, Be the first to tag this record!
|
| LEADER | 01258cam a2200325 4500 | ||
|---|---|---|---|
| 001 | u49609 | ||
| 003 | SIRSI | ||
| 008 | 870316s1985 my mt 00 1 eng m | ||
| 035 | |a AAF-3400 | ||
| 040 | |a UMM | ||
| 043 | |a a-my--- | ||
| 090 | |a LB3011.5 |b Man | ||
| 091 | |a Microfiche 9648 | ||
| 100 | 1 | 0 | |a Manickam, Saraswathy. |
| 245 | 1 | 3 | |a An ethnographic study of a form three class and a glimpse into their peer culture / |c Saraswathy Manickam. |
| 260 | |c 1985 | ||
| 300 | |a xiv, 108 leaves ; |c 30cm. | ||
| 500 | |a Also available on microfiche. Kuala Lumpur : Perpustakaan Universiti Malaya, 1994. 2 microfiches : negative ; 11x15cm. | ||
| 502 | |a Dissertation (M.Ed.) -- Fakulti Pendidikan, Universiti Malaya, 1985. | ||
| 504 | |a Bibliography: leaves 97-101. | ||
| 650 | 0 | |a Teacher-student relationships |z Malaysia. | |
| 650 | 0 | |a Students |x Attitudes. | |
| 650 | 0 | |a School discipline. | |
| 650 | 0 | |a Self-perception. | |
| 650 | 0 | |a Classroom environment |z Malaysia. | |
| 710 | 2 | 0 | |a Universiti Malaya. |b Fakulti Pendidikan. |
| 948 | |a 16/03/1991 |b 25/11/2000 | ||
| 596 | |a 1 8 | ||
| 999 | |a LB3011.5 MAN |w LC |c 1 |i A010056772 |d 24/10/2001 |l STACKS |m P01UTAMA |n 10 |r Y |s Y |t TESIS |u 3/2/1992 | ||
| 999 | |a LB3011.5 MAN |w LC |c 1 |i A506699461 |l STACKS |m P08PENDIDI |r Y |s Y |t TESIS |u 25/10/1997 | ||
